<?xml version="1.0" encoding="UTF-8"?>
<collection xmlns="http://www.loc.gov/MARC21/slim">
 <record>
  <leader>00607pamaa2200169   4500</leader>
  <controlfield tag="001">0000044639</controlfield>
  <controlfield tag="005">20081127090000.0</controlfield>
  <controlfield tag="008">081127                             bm   </controlfield>
  <datafield tag="020" ind1="0" ind2="0">
   <subfield code="a">9789834118518 (pbk.) </subfield>
  </datafield>
  <datafield tag="090" ind1="0" ind2="0">
   <subfield code="a">JV6346 </subfield>
   <subfield code="b">AMN 2008</subfield>
  </datafield>
  <datafield tag="110" ind1="1" ind2="0">
   <subfield code="a">Amnesty International</subfield>
  </datafield>
  <datafield tag="245" ind1="0" ind2="0">
   <subfield code="a">Hidup dalam bayang-bayang : </subfield>
   <subfield code="b">primer tentang hak (asasi) manusia migran  </subfield>
   <subfield code="c">Amnesty International.</subfield>
  </datafield>
  <datafield tag="260" ind1="0" ind2="0">
   <subfield code="a">United Kingdom: </subfield>
   <subfield code="b">Amnesty International Publications, </subfield>
   <subfield code="c">2008.</subfield>
  </datafield>
  <datafield tag="300" ind1=" " ind2=" ">
   <subfield code="a">98: </subfield>
   <subfield code="b">ill; </subfield>
   <subfield code="c">24 cm.</subfield>
  </datafield>
  <datafield tag="650" ind1="0" ind2="0">
   <subfield code="a">Refugees </subfield>
  </datafield>
  <datafield tag="650" ind1="0" ind2="0">
   <subfield code="a">Refugees -- </subfield>
   <subfield code="x">Moral and ethical aspects -- </subfield>
   <subfield code="x">Immigrants </subfield>
  </datafield>
  <datafield tag="901" ind1=" " ind2=" ">
   <subfield code="u">http://www.amnesty.org</subfield>
  </datafield>
 </record>
</collection>
